000 00636nam a2200181 4500
003 LK-CoMWRAF
005 20231213170742.0
008 231213b |||||||| |||| 00| 0 eng d
040 _aLK-CoMWRAF
_dLK-CoMWRAF
_eLK-CoMWRAF
041 _asin
082 _a323
_bLLR
245 _aLLRC වාර් තාව සහ මානව හිමිකම්
246 _aLLRC warthawa saha manawa himikam
260 _aකොළඹ :
_bශ්‍රී ලංකා ජාතික සාම මංඩලය,
_c2013
650 _aමානව හිමිකම්
700 _aවිතානගේ, තුෂාල්
_ecomp.
942 _cBK
999 _c4418
_d4418